000
00310 a2200145 4500
001
180038
020
_a
040
_c
Magnum
100
_a
Diaféria, Lourenço
240
1
0
_a
O empinador de estrela
_l
por
245
1
0
_a
O empinador de estrela
362
0
_a
1899
697
_a
MAGNITO: J/GERAL
942
_c
BK
999
_c
180038
_d
180038